Score 0/16 Timer 02:00
0 Plays Today
Hint Word % Correct
A dime or a penny, e.g.COIN
96.9%
Not yoursMINE
95.8%
It 'pops' at cinemasCORN
95.6%
Ace of spades, e.g.CARD
95.5%
Is pulled by a horseCART
95%
Number of Greek musesNINE
93.4%
Long flexible string used for tyingCORD
91.7%
Zero; noughtNONE
91.5%
Hint Word % Correct
Film starring Russell Crowe as [rung 1][rung 10], 'A Beautiful ____'★ MIND ★
90.5%
Assign a part in a filmCAST
89.5%
MoneyCASH
87.5%
Link; connectJOIN
82.4%
With [rung 10], 1994 Nobel Prize in Economics winner★ JOHN ★
72.4%
It smellsNOSE
71.9%
With [rung 1], 1994 Nobel Prize in Economics winner★ NASH ★
69.1%
Food, informallyNOSH
66%

Today's Daily Dose

Missing Word
I Hardly Know Her!

Word Ladder
Sentence Ending

Quick Pick
Female Firsts

Get the Picture
Triathlon Sports

Remove Ads.
Support Sporcle.
Get the best of Sporcle when you Go Orange. This ad-free experience offers more features, more stats, and more fun while also helping to support Sporcle. Thank you for becoming a member.

You're not logged in!

Compare scores with friends on all Sporcle quizzes.
OR
Log In

Show Comments

Extras

Top Quizzes Today


Score Distribution

Your Account Isn't Verified!

In order to create a playlist on Sporcle, you need to verify the email address you used during registration. Go to your Sporcle Settings to finish the process.

Report this User

Report this user for behavior that violates our Community Guidelines.

Details: